00796nam a22002415a 4500001002700000003000900027005001700036008004100053015001700094020001800111040002900129099001700158100002000175245004100195250005100236264007500287300002800362500001300390500000600403942001500409952011300424999001700537BNC01000000000000001254128CL-SaCFP20260212113819.0260112s 000 0 spa  acl-2025-xxxx a9789566355830 aclsabnbspacclsabnerda albh/202601121 aSantiago, Mikel10aEntre los muertos /cMikel Santiago. aPrimera edición en Chile: noviembre de 2025. 1aSantiago de Chile :bPenguin Random House Grupo Editorial S.A.,c2025. a477 páginas ;c23 cm. aLa Trama aB 2ddccLIBRO 00102ddc4070aBCbBCd2026-02-12l1m2p3563000054716r2026-03-12 11:27:38s2026-02-12w2026-02-12yLIBRO c16323d16323